13 US Colonies - Statistics

General Stats
  • This quiz has been taken 38 times
  • The average score is 12 of 13
Answer Stats
Answer % Correct
Delaware
100%
New York
100%
Maryland
97%
North Carolina
97%
Pennsylvania
97%
Rhode Island
97%
Georgia
94%
Massachusetts
94%
New Hampshire
94%
New Jersey
94%
South Carolina
94%
Virginia
94%
Connecticut
87%
No matching quizzes found
Score Distribution
Percent of People with Each Score
Percentile by Number Answered
Your Score History
You have not taken this quiz